Central Library OPAC University of Rajshahi

بوستان ;; Bustan / (Record no. 82445)

MARC details
000 -LEADER
fixed length control field 00779nam a2200217 u 4500
001 - CONTROL NUMBER
control field 82445
003 - CONTROL NUMBER IDENTIFIER
rucl marc code BD-RjUL
005 - DATE AND TIME OF LATEST TRANSACTION
control field 20231212104808.0
008 - FIXED-LENGTH DATA ELEMENTS--GENERAL INFORMATION
fixed length control field 191104s13321927ir 000 0 per d
035 ## - SYSTEM CONTROL NUMBER
System control number (BD-RjUL)82445
040 ## - CATALOGING SOURCE
Original cataloging agency NNL
Language of cataloging ara
Transcribing agency BD-RjUL
041 ## - LANGUAGE CODE
Language code of text/sound track or separate title per
082 ## - DEWEY DECIMAL CLASSIFICATION NUMBER
Edition number 23
Classification number 891.551
Author mark and year SAB 19
100 0# - MAIN ENTRY--PERSONAL NAME
Personal name سعدى شيرازي، عبد الله بن مشرف بن مصلح،
Dates associated with a name توفي 1293
9 (RLIN) 10469
245 10 - TITLE STATEMENT
Title بوستان ;; Bustan /
Statement of responsibility, etc. [سعدي شيرازي، عبد الله بن مشرف بن مصلح، ;; Saadi Shirazi, Abdullah bin Musharraf bin Musleh,
260 ## - PUBLICATION, DISTRIBUTION, ETC. (IMPRINT)
Place of publication, distribution, etc. الهند :
Name of publisher, distributor, etc. دار مطبع نامي كرامي،, بمباي، ,
Date of publication, distribution, etc. 1927
300 ## - PHYSICAL DESCRIPTION
Pagination 448 ص.
Size 23
500 ## - GENERAL NOTE
General note طبع حجر.
650 #4 - SUBJECT ADDED ENTRY--TOPICAL TERM
Topical term or geographic name as entry element Persian poetry
942 ## - ADDED ENTRY ELEMENTS (KOHA)
Source of classification or shelving scheme Dewey Decimal Classification
Koha item type Books
Holdings
Lost status Source of classification or shelving scheme Damaged status Not for loan Collection code Permanent Location Current Location Shelving location Date acquired Total Checkouts Full call number Date last seen Copy number Koha item type
  Dewey Decimal Classification   Not For Loan Non-fiction Central Library, University of Rajshahi Central Library, University of Rajshahi Reading Room 12/12/2023   F 891.551 SAB 1927 12/12/2023 C-1 Books